ActionScript ve Flashi : Podrobná príručka
Salvato in:
| Autore principale: | |
|---|---|
| Natura: | Libro |
| Lingua: | ceco |
| Pubblicazione: |
Praha :
Computer Press,
2002
|
| Edizione: | 1. vyd. |
| Soggetti: | |
| Accesso online: | OBSAH |
| Tags: |
Nessun Tag, puoi essere il primo ad aggiungerne!!
|
MARC
| LEADER | 00000nam a22000003a 4500 | ||
|---|---|---|---|
| 001 | stu76237 | ||
| 005 | 20150617225645.7 | ||
| 008 | 020624s2002----xr------------------cze-d | ||
| 020 | |a 80-7226-615-2 | ||
| 040 | |a STU |b slo | ||
| 041 | 0 | |a cze | |
| 044 | |a xr | ||
| 080 | |a 004.43 | ||
| 100 | 1 | |a Kerman, Phillip |4 aut | |
| 245 | 1 | |a ActionScript ve Flashi : |b Podrobná príručka | |
| 250 | |a 1. vyd. | ||
| 260 | |a Praha : |b Computer Press, |c 2002 | ||
| 300 | |a 507 s | ||
| 650 | 7 | |a animácia počítačová |2 stusub | |
| 650 | 7 | |a jazyky programovacie |2 stusub | |
| 856 | 4 | |a https://sweb.mtf.stuba.sk/obsahy/action_script_ve_flashi_02.pdf |u https://sweb.mtf.stuba.sk/obsahy/action_script_ve_flashi_02.pdf |3 OBSAH | |
| 996 | |b 284M050127 |c M*10910-1 |l MMKN |s A |a 24 |w stu76237_0001 | ||
| 996 | |b 284M050128 |c M*10910-2 |l MMKN |s A |a 24 |w stu76237_0002 | ||